[Event "chess.com SpeedChess Q1Sw"]
[Site "chess.com INT"]
[Date "2022.11.10"]
[Round "6"]
[White "Hammer, Jon Ludvig"]
[Black "Dushyant, Sharma"]
[Result "0-1"]
[WhiteTitle "GM"]
[BlackTitle "IM"]
[WhiteElo "2625"]
[BlackElo "2370"]
[WhiteFideId "1503707"]
[BlackFideId "25065130"]
[EventDate "2022.11.10"]

1. e4 e5 2. Nf3 Nc6 3. Bb5 a6 4. Ba4 f5 5. d4 exd4 6. e5 b5 7. Bb3 Bb7 8. c3 Na5
9. Bc2 dxc3 10. Nxc3 Ne7 11. Bg5 h6 12. Bf6 gxf6 13. Nd4 h5 14. exf6 Ng6 15.
Qe2+ Kf7 16. O-O-O Bh6+ 17. Kb1 Qxf6 18. Nxf5 Rae8 19. Rxd7+ Kf8 20. Qxh5 Bd2
21. Qd1 Bxc3 22. bxc3 Nc4 23. Qd4 Qxd4 24. Nxd4 Be4 25. Bxe4 Rxe4 26. Rxc7 Nf4 0-1

[Event "chess.com SpeedChess Q1Sw"]
[Site "chess.com INT"]
[Date "2022.11.10"]
[Round "6"]
[White "Eljanov, Pavel"]
[Black "Vaibhav, Jayant Raut"]
[Result "1-0"]
[WhiteTitle "GM"]
[BlackTitle "CM"]
[WhiteElo "2706"]
[BlackElo "2247"]
[WhiteFideId "14102951"]
[BlackFideId "5089034"]
[EventDate "2022.11.10"]

1. c4 c5 2. g3 Nc6 3. Bg2 g6 4. Nc3 Bg7 5. Nf3 d6 6. O-O e5 7. d3 Nge7 8. a3 O-O
9. Bg5 h6 10. Bxe7 Qxe7 11. Rb1 a5 12. Nd5 Qd8 13. Nd2 f5 14. b4 axb4 15. axb4
Ra2 16. bxc5 dxc5 17. Nb3 Qd6 18. Nc3 Ra8 19. Nb5 Qe7 20. Ra1 Be6 21. Bd5 Bxd5
22. cxd5 Nd4 23. N3xd4 exd4 24. d6 Qf7 25. Qc2 Rxa1 26. Rxa1 f4 27. Qa2 f3 28.
exf3 c4 29. Qxc4 Qxc4 30. dxc4 Rxf3 31. d7 Bf6 32. Ra8+ Kf7 33. d8=Q Bxd8 34.
Rxd8 d3 35. Kg2 Rf5 36. Rxd3 1-0

[Event "chess.com SpeedChess Q1Sw"]
[Site "chess.com INT"]
[Date "2022.11.10"]
[Round "6"]
[White "Aitbayev, Aslan"]
[Black "Tsydypov, Zhamsaran"]
[Result "0-1"]
[WhiteTitle "IM"]
[BlackTitle "GM"]
[WhiteElo "2421"]
[BlackElo "2534"]
[WhiteFideId "13704613"]
[BlackFideId "4108566"]
[EventDate "2022.11.10"]

1. e4 c6 2. d4 d5 3. e5 Bf5 4. Nd2 e6 5. Nb3 Nd7 6. Nf3 h6 7. Be2 Ne7 8. O-O g5
9. Ne1 c5 10. Nxc5 Nxc5 11. dxc5 Nc6 12. Bd3 Bxc5 13. Bxf5 exf5 14. Nd3 Bb6 15.
Qh5 Nd4 16. e6 Nxe6 17. Re1 Qf6 18. Bxg5 Qxg5 19. Rxe6+ Kf8 20. Qxg5 hxg5 21.
Re5 Rc8 22. c3 d4 23. cxd4 Bxd4 24. Rxf5 Rc2 25. Rd1 Rh6 26. Ne1 Re2 27. g3 Bb6
28. Nd3 g4 29. Kf1 Rc2 30. Kg2 Rd6 31. a3 a5 32. Rf4 Ba7 33. Rxg4 Bxf2 34. Kf3
Rf6+ 35. Rf4 Rxf4+ 36. gxf4 Bd4 37. h4 Bxb2 38. h5 Bxa3 39. Ne5 Bb2 40. Rd8+ Ke7
41. Rd7+ Ke6 42. Rd8 Bxe5 43. Re8+ Kf6 44. Rxe5 b6 45. Rb5 Rc6 46. Kg4 Kg7 47.
Kg5 Rc5+ 0-1

[Event "chess.com SpeedChess Q1Sw"]
[Site "chess.com INT"]
[Date "2022.11.10"]
[Round "6"]
[White "Leiva, Gianmarco"]
[Black "Balaji, Aaravamudhan"]
[Result "0-1"]
[WhiteTitle "IM"]
[BlackTitle "CM"]
[WhiteElo "2366"]
[BlackElo "2353"]
[WhiteFideId "3804399"]
[BlackFideId "436224"]
[EventDate "2022.11.10"]

1. e4 e6 2. d4 d5 3. Nc3 Nf6 4. Bg5 Bb4 5. e5 h6 6. Be3 Ne4 7. Qg4 g5 8. a3 Ba5
9. Bd3 Nxc3 10. Bd2 c5 11. bxc3 h5 12. Qg3 cxd4 13. Ne2 dxc3 14. Bxg5 Qb6 15.
Bf6 Rf8 16. Bg7 Qc5 17. Bxf8 Qxf8 18. Qg5 Nc6 19. Qxh5 Bd7 20. Qg5 Bd8 21. Qg3
Bc7 22. f4 O-O-O 23. h4 f6 24. exf6 Qxf6 25. Qg5 Qh8 26. h5 Rg8 27. Bg6 Be8 28.
Rh3 Bd8 29. Qg4 Qf6 30. Rxc3 Ba5 31. Qh3 Bxg6 32. hxg6 d4 33. O-O-O Bxc3 34.
Nxc3 dxc3 35. Rd3 Rxg6 36. Rxc3 Qxf4+ 37. Kb2 Qd4 38. Qf3 Rf6 39. Qg3 Rf5 40.
Qg8+ Kc7 41. Qxe6 Rb5+ 42. Qb3 Rxb3+ 43. Kxb3 b5 44. g4 Kb6 45. g5 Na5+ 46. Kb2
Nc4+ 47. Kb3 Nd2+ 48. Kb2 Ne4 49. g6 Qxc3+ 50. Ka2 Qxc2+ 51. Ka1 Nc3 52. a4 Qa2# 0-1

[Event "chess.com SpeedChess Q1Sw"]
[Site "chess.com INT"]
[Date "2022.11.10"]
[Round "6"]
[White "Al-Tarboush, Ward"]
[Black "Arencibia Monduy, Antonio"]
[Result "1/2-1/2"]
[WhiteTitle "FM"]
[BlackTitle "CM"]
[WhiteElo "2238"]
[BlackElo "2100"]
[WhiteFideId "7601450"]
[BlackFideId "3507939"]
[EventDate "2022.11.10"]

1. e4 d6 2. d4 c6 3. Nf3 Qc7 4. Be2 e5 5. O-O Bg4 6. Nbd2 Nf6 7. h3 Bh5 8. dxe5
dxe5 9. Nc4 Nbd7 10. Bg5 Be7 11. Bxf6 Bxf6 12. Nd6+ Kf8 13. Nf5 g6 14. Ng3 Bxf3
15. Bxf3 Kg7 16. Qe2 Rad8 17. Rad1 Nc5 18. Qc4 Ne6 19. c3 Qb6 20. b4 a5 21. a3
axb4 22. axb4 Rxd1 23. Rxd1 Rd8 24. Rxd8 Qxd8 25. b5 Qd6 26. Nf1 Bd8 27. Bg4 Nf4
28. g3 Nd3 29. Be2 Nc5 30. Ne3 Bb6 31. Kg2 Ne6 32. bxc6 Bxe3 33. fxe3 bxc6 34.
Kf2 Ng5 35. h4 Ne6 36. Qb4 Qd8 37. Qb7 Qf6+ 38. Kg2 Nc5 39. Qb4 Ne6 40. Bg4 Nc7
41. Qc5 h5 42. Bd7 Ne6 43. Qxc6 Qd8 44. Bxe6 Qd2+ 45. Kh3 fxe6 46. Qxe6 Qxc3 47.
Qe7+ Kg8 48. Qf6 Kh7 49. Qf7+ Kh6 50. Qg8 Qc7 51. Qh8+ Qh7 52. Qxe5 Qd7+ 53. Kg2
Qd2+ 54. Kh1 Qd1+ 55. Kh2 Qe2+ 56. Kg1 Qe1+ 57. Kg2 Qe2+ 58. Kh1 Qe1+ 59. Kg2
Qe2+ 60. Kh3 Qg4+ 1/2-1/2

[Event "chess.com SpeedChess Q1Sw"]
[Site "chess.com INT"]
[Date "2022.11.10"]
[Round "6"]
[White "Svane, Frederik"]
[Black "Garv, Gaur"]
[Result "1-0"]
[WhiteTitle "GM"]
[BlackTitle "CM"]
[WhiteElo "2568"]
[BlackElo "1973"]
[WhiteFideId "12923044"]
[BlackFideId "45030839"]
[EventDate "2022.11.10"]

1. c4 e6 2. Nf3 d5 3. e3 Nf6 4. b3 Be7 5. Bb2 O-O 6. d4 b6 7. Bd3 Bb7 8. O-O c5
9. dxc5 bxc5 10. cxd5 exd5 11. Nbd2 Nbd7 12. Rc1 Nb6 13. Re1 Ne4 14. Bxe4 dxe4
15. Ne5 Bf6 16. Nec4 Bxb2 17. Nxb2 Qe7 18. Qc2 Rac8 19. Nf1 Nd5 20. a3 Rfd8 21.
Ng3 Nb6 22. h3 Qe6 23. Red1 Bd5 24. Nc4 Bxc4 25. Rxd8+ Rxd8 26. bxc4 f5 27. Ne2
Qd6 28. Nc3 Qd2 29. Qb1 Rd3 30. Nb5 Na4 31. Rf1 h6 32. Nxa7 Nc3 33. Qb8+ Kh7 34.
Qe5 Rd7 35. Qxf5+ g6 36. Qxc5 Na4 37. Qb4 Qxb4 38. axb4 Rxa7 39. Ra1 Ra8 40. c5
Nb6 41. Rxa8 Nxa8 42. b5 Nc7 43. b6 Ne6 44. c6 1-0

[Event "chess.com SpeedChess Q1Sw"]
[Site "chess.com INT"]
[Date "2022.11.10"]
[Round "6"]
[White "Li, Ruifeng"]
[Black "Danielyan, Vahe"]
[Result "1-0"]
[WhiteTitle "GM"]
[BlackTitle "IM"]
[WhiteElo "2541"]
[BlackElo "2307"]
[WhiteFideId "2061074"]
[BlackFideId "13304828"]
[EventDate "2022.11.10"]

1. b3 b6 2. Bb2 Bb7 3. e3 Nf6 4. Nf3 g6 5. g4 Bg7 6. g5 Nh5 7. Bxg7 Nxg7 8. Bg2
h6 9. gxh6 Rxh6 10. d4 d6 11. Nc3 Nd7 12. Qd2 e5 13. d5 Qe7 14. O-O-O O-O-O 15.
Bf1 Kb8 16. Bb5 Rh3 17. Ng1 Rh4 18. Nge2 Nc5 19. f4 Rdh8 20. Ng3 Nf5 21. Nxf5
gxf5 22. Bc6 Rh3 23. Bxb7 Kxb7 24. Rdf1 exf4 25. Rxf4 Rxe3 26. Rxf5 Rhh3 27. Nb5
Re2 28. Qf4 Re1+ 29. Rxe1 Qxe1+ 30. Kb2 Qe2 31. Qc4 Qxc4 32. bxc4 Na4+ 33. Kc1
Rh7 34. Rf3 Nc5 35. Nd4 Ne4 36. Nc6 b5 37. cxb5 Kb6 38. a4 Rxh2 39. Rxf7 Nc3 40.
a5+ Kxb5 41. Rxc7 Rh1+ 42. Kb2 Na4+ 43. Ka2 Nc3+ 44. Kb3 Nxd5 45. c4+ Kc5 46.
cxd5 Rh3+ 47. Ka4 Kxd5 48. Nb4+ Ke6 49. Rxa7 Rh1 50. Ra8 Kd7 51. Kb5 Kc7 52.
Ra7+ Kb8 53. Rd7 d5 54. Nxd5 Rb1+ 55. Nb4 Kc8 56. Rh7 Re1 57. a6 Re5+ 58. Kb6
Re6+ 59. Nc6 Re7 60. Nxe7+ Kb8 61. Nd5 Ka8 62. Rh8# 1-0

[Event "chess.com SpeedChess Q1Sw"]
[Site "chess.com INT"]
[Date "2022.11.10"]
[Round "6"]
[White "Bartel, Mateusz"]
[Black "Martinez Alcantara, Jose Eduardo"]
[Result "0-1"]
[WhiteTitle "GM"]
[BlackTitle "GM"]
[WhiteElo "2627"]
[BlackElo "2597"]
[WhiteFideId "1112635"]
[BlackFideId "3805662"]
[EventDate "2022.11.10"]

1. e4 c5 2. Nf3 d6 3. Bb5+ Bd7 4. a4 Nf6 5. Nc3 e6 6. O-O a6 7. Bxd7+ Nbxd7 8.
a5 Be7 9. Re1 O-O 10. d3 Qc7 11. Bf4 Ng4 12. Nd2 Nge5 13. Bg3 Nc6 14. Nc4 Nde5
15. Bxe5 dxe5 16. Qd2 Rad8 17. Na4 h6 18. Qc3 Rd4 19. Re2 Rdd8 20. Ree1 Rd4 21.
Re2 g6 22. b3 Rdd8 23. Ree1 Nd4 24. Qb2 Kh7 25. Rad1 Nc6 26. Qc3 Rd4 27. Re2 h5
28. Rf1 Kg8 29. h3 h4 30. Nab2 Bd8 31. Ra1 Be7 32. Nd1 Rdd8 33. Nde3 Nd4 34.
Ree1 f5 35. f3 Bg5 36. Nf1 Rfe8 37. Qb2 Nc6 38. Red1 Bf4 39. c3 g5 40. Qf2 Na7
41. Nfe3 Rf8 42. Qb2 Nb5 43. Kf2 Qf7 44. Ke2 Qg6 45. b4 cxb4 46. Qxb4 Rf7 47.
Rac1 Rc7 48. Rc2 Qf7 49. Na3 Na7 50. Qb6 Nc8 51. Qb4 Nd6 52. Nec4 Ne8 53. d4 g4
54. dxe5 Rxd1 55. Kxd1 fxe4 56. fxe4 gxh3 57. gxh3 Qh5+ 58. Ke1 Bg3+ 59. Kd2
Bf4+ 60. Ke1 Rg7 61. Rf2 Rg1+ 62. Rf1 Bg3+ 0-1

[Event "chess.com SpeedChess Q1Sw"]
[Site "chess.com INT"]
[Date "2022.11.10"]
[Round "6"]
[White "Swiercz, Dariusz"]
[Black "Fedoseev, Vladimir3"]
[Result "0-1"]
[WhiteTitle "GM"]
[BlackTitle "GM"]
[WhiteElo "2646"]
[BlackElo "2688"]
[WhiteFideId "1126881"]
[BlackFideId "24130737"]
[EventDate "2022.11.10"]

1. d4 d5 2. c4 c6 3. Nf3 Nf6 4. e3 Bf5 5. Nc3 a6 6. Ne5 h5 7. Bd2 e6 8. Qb3 b5
9. cxd5 cxd5 10. Bd3 Bxd3 11. Nxd3 Nc6 12. O-O-O Rc8 13. Kb1 Na5 14. Qc2 Bd6 15.
Rc1 Nc4 16. Qd1 O-O 17. b3 Nxd2+ 18. Qxd2 Qa5 19. Rc2 b4 20. Na4 Ne4 21. Qe2 g6
22. Rxc8 Rxc8 23. Rc1 Rxc1+ 24. Kxc1 Bxh2 25. g3 Qc7+ 26. Nac5 a5 27. Kb2 h4 28.
gxh4 Bd6 29. Qc2 Nc3 30. f4 Qe7 31. Qh2 Nd1+ 32. Kb1 Nxe3 33. h5 Qf6 34. hxg6
Qxg6 35. Qf2 Nd1 36. Qf1 Nc3+ 37. Kc2 Nb5 38. Qf2 Qf5 39. Kb2 Kf8 40. Ne5 Bxe5
41. dxe5 Nc3 42. Qh4 Qb1# 0-1

[Event "chess.com SpeedChess Q1Sw"]
[Site "chess.com INT"]
[Date "2022.11.10"]
[Round "6"]
[White "Bluebaum, Matthias"]
[Black "Pakleza, Zbigniew"]
[Result "1-0"]
[WhiteTitle "GM"]
[BlackTitle "GM"]
[WhiteElo "2651"]
[BlackElo "2496"]
[WhiteFideId "24651516"]
[BlackFideId "1119290"]
[EventDate "2022.11.10"]

1. d4 d5 2. c4 c6 3. Nf3 Nf6 4. Nc3 Qb6 5. Qc2 dxc4 6. e4 Qa6 7. Be2 Bg4 8. O-O
e6 9. e5 Nd5 10. Ng5 Bf5 11. Qd1 h6 12. Nge4 b5 13. Ng3 Bh7 14. Nce4 Nd7 15. Bd2
Qb6 16. Bc1 Be7 17. b3 cxb3 18. axb3 O-O 19. Bd3 c5 20. dxc5 Nxc5 21. Nxc5 Bxc5
22. Bxh7+ Kxh7 23. Bb2 Rad8 24. Qg4 Nb4 25. Nh5 Rg8 26. Qf3 Nd3 27. Bc3 b4 28.
Qxf7 Rdf8 29. Nf6+ Kh8 30. Qg6 Rxf6 31. exf6 bxc3 32. fxg7+ Rxg7 33. Qxd3 Bd4
34. Ra6 Qc5 35. Rxe6 c2 36. Re8+ Rg8 37. Rxg8+ Kxg8 38. Rc1 Bxf2+ 39. Kh1 Be3
40. Qxc2 Qe5 41. Qg6+ Kf8 42. Rc8+ Ke7 43. Re8+ 1-0

[Event "chess.com SpeedChess Q1Sw"]
[Site "chess.com INT"]
[Date "2022.11.10"]
[Round "6"]
[White "Koziorowicz, Michal"]
[Black "Sokac, Marko"]
[Result "1-0"]
[WhiteTitle "FM"]
[BlackTitle "FM"]
[WhiteElo "2296"]
[BlackElo "2265"]
[WhiteFideId "21809194"]
[BlackFideId "14531356"]
[EventDate "2022.11.10"]

1. Nf3 e6 2. g3 g5 3. Bg2 g4 4. Ne5 h5 5. d4 Bg7 6. h4 d6 7. Nc4 Ne7 8. Bg5 f6
9. Be3 Nf5 10. Bc1 Nc6 11. c3 d5 12. Ne3 Nd6 13. O-O Ne7 14. Na3 c6 15. f3 f5
16. fxg4 hxg4 17. Nec2 Ng6 18. c4 Nxh4 19. gxh4 Qxh4 20. Bf4 g3 21. Rf3 Ne4 22.
Ne3 Qh2+ 23. Kf1 Rh4 24. Nac2 Bd7 25. Ke1 O-O-O 26. Rf1 Rdh8 27. Qd3 Nf2 28. Qa3
Rxf4 29. Qxa7 Kd8 30. Qb8+ Ke7 31. Qxf4 Rh4 32. Qf3 f4 33. Nd1 Ne4 34. Rh1 e5
35. Rxh2 gxh2 36. Nf2 Ng3 37. cxd5 e4 38. Qa3+ Kf7 39. Kd2 e3+ 40. Nxe3 fxe3+
41. Kxe3 Bxd4+ 42. Kd3 Bxf2 43. dxc6 Bxc6 44. Bxc6 bxc6 45. Qb3+ Ke7 46. Qb7+
Kd6 47. Qb8+ Kd5 48. Qd8+ Ke5 49. Qxh4 1-0

[Event "chess.com SpeedChess Q1Sw"]
[Site "chess.com INT"]
[Date "2022.11.10"]
[Round "6"]
[White "Deac, Bogdan-Daniel"]
[Black "Xiong, Jeffery"]
[Result "0-1"]
[WhiteTitle "GM"]
[BlackTitle "GM"]
[WhiteElo "2700"]
[BlackElo "2692"]
[WhiteFideId "1226380"]
[BlackFideId "2047640"]
[EventDate "2022.11.10"]

1. e4 e5 2. Nf3 Nc6 3. Bb5 Nf6 4. O-O Nxe4 5. Re1 Nd6 6. Nxe5 Be7 7. Bf1 Nf5 8.
Nf3 d5 9. d4 O-O 10. Nc3 Nh4 11. Nxh4 Bxh4 12. Ne2 Bg4 13. h3 Bh5 14. c3 Re8 15.
g3 Bg5 16. Bg2 Bxc1 17. Rxc1 Qd6 18. Qd2 Bxe2 19. Rxe2 Re7 20. Rxe7 Nxe7 21. Re1
c6 22. Qg5 Ng6 23. h4 h6 24. Qg4 Nf8 25. Bh3 Nh7 26. Re5 Nf6 27. Qf4 c5 28. dxc5
Qxc5 29. Bf5 Qb6 30. Re2 Qa6 31. Re7 Rf8 32. a3 Re8 33. Rxe8+ Nxe8 34. Qb8 Qb5
35. a4 Qxa4 36. Qxb7 g6 37. Bd7 Qa1+ 38. Kg2 Nf6 39. Bc6 Qa5 40. Qb8+ Kg7 41.
Qb5 Qa2 42. Qb7 a5 43. Qb5 a4 44. Qxa4 Qxb2 45. Qd4 Qa2 46. g4 g5 47. hxg5 hxg5
48. Kg3 Qa6 0-1

[Event "chess.com SpeedChess Q1Sw"]
[Site "chess.com INT"]
[Date "2022.11.10"]
[Round "6"]
[White "Klukin, Kirill"]
[Black "Pichot, Alan"]
[Result "0-1"]
[WhiteTitle "IM"]
[BlackTitle "GM"]
[WhiteElo "2390"]
[BlackElo "2637"]
[WhiteFideId "24199273"]
[BlackFideId "110973"]
[EventDate "2022.11.10"]

1. d4 Nf6 2. Nf3 d5 3. c4 e6 4. Nc3 Bb4 5. Bd2 O-O 6. e3 b6 7. cxd5 exd5 8. Bd3
Bb7 9. O-O Re8 10. Rc1 a6 11. Ne5 Bd6 12. f4 c5 13. Be1 Nc6 14. Bh4 cxd4 15.
Nxd5 Bxe5 16. fxe5 Qxd5 17. exf6 Ne5 18. e4 Qd7 19. fxg7 Nxd3 20. Qxd3 Bxe4 21.
Qg3 Bg6 22. Bf6 d3 23. Bc3 Re2 24. Rf2 Re6 25. Rd1 Rae8 26. h3 Re3 27. Qf4 R3e4
28. Qg3 R4e6 29. Kh2 b5 30. a3 Qd5 31. Rdf1 Re2 32. Rxe2 dxe2 33. Re1 Bd3 34.
Qf4 Bc4 35. Qd2 Qxd2 36. Bxd2 Kxg7 37. Kg3 Kf6 38. Kf2 Ke5 39. Bc3+ Ke4 40. Rg1
Kd3 41. g4 Re4 42. Rg3+ Kc2 43. Re3 Rf4+ 44. Rf3 e1=Q+ 45. Bxe1 Rxf3+ 46. Kxf3
Kxb2 47. Bb4 a5 48. Bxa5 Kxa3 49. Ke3 b4 50. Kd2 b3 51. Bc3 b2 52. Kc2 Bd3+ 53.
Kxd3 b1=Q+ 54. Ke3 Kb3 55. Bd2 Kc4 0-1

[Event "chess.com SpeedChess Q1Sw"]
[Site "chess.com INT"]
[Date "2022.11.10"]
[Round "6"]
[White "Duda, Jan-Krzysztof"]
[Black "Le, Tuan Minh"]
[Result "0-1"]
[WhiteTitle "GM"]
[BlackTitle "IM"]
[WhiteElo "2731"]
[BlackElo "2542"]
[WhiteFideId "1170546"]
[BlackFideId "12401153"]
[EventDate "2022.11.10"]

1. e4 c5 2. Nf3 Nf6 3. Nc3 d5 4. exd5 Nxd5 5. Bb5+ Bd7 6. Ne5 Nf6 7. Qf3 Qc8 8.
Nxd7 Nbxd7 9. b3 a6 10. Be2 e6 11. Qe3 Bd6 12. Bb2 Be5 13. Nb5 Qb8 14. Bxe5 Nxe5
15. Nc3 Qd6 16. O-O-O Nc6 17. Bf3 O-O 18. Na4 Nd7 19. Nc3 Rac8 20. h4 b5 21.
Bxc6 Rxc6 22. Ne4 Qe7 23. Ng5 Rfc8 24. c3 c4 25. b4 a5 26. a3 Nf6 27. Kc2 Ra6
28. Rb1 axb4 29. axb4 Rca8 30. Rb2 h6 31. Nf3 Nd5 32. Qe4 Ra2 33. Rb1 Qa7 34.
Rxa2 Qxa2+ 35. Kd1 Nf4 36. Qc2 Qa7 37. Qe4 Nd3 38. Qc6 Rd8 39. Nd4 e5 40. Nxb5
Qxf2 41. Qxc4 Nxb4 42. d4 Nd5 0-1

[Event "chess.com SpeedChess Q1Sw"]
[Site "chess.com INT"]
[Date "2022.11.10"]
[Round "6"]
[White "Bortnyk, Olexandr"]
[Black "Chigaev, Maksim"]
[Result "0-1"]
[WhiteTitle "GM"]
[BlackTitle "GM"]
[WhiteElo "2604"]
[BlackElo "2632"]
[WhiteFideId "14120828"]
[BlackFideId "4108116"]
[EventDate "2022.11.10"]

1. e4 c5 2. c3 d5 3. exd5 Qxd5 4. d4 Nf6 5. Be3 cxd4 6. cxd4 e6 7. Nc3 Bb4 8.
Nf3 O-O 9. Bd3 b6 10. Qe2 Bxc3+ 11. bxc3 Bb7 12. O-O Nbd7 13. Rab1 Rac8 14. c4
Qh5 15. Rb5 Bxf3 16. gxf3 e5 17. d5 e4 18. fxe4 Qxe2 19. Bxe2 Nxe4 20. Rc1 Nd6
21. Rbb1 Rfe8 22. Bg4 f5 23. Bf4 Ne5 24. c5 bxc5 25. Be2 c4 26. Rb4 Kf7 27. Kf1
h6 28. h4 Kf6 29. h5 Rc5 30. Ra4 a5 31. Rd1 c3 32. Be3 Rc7 33. Rxa5 Nec4 34.
Bd4+ Kg5 35. Bxc4 Rxc4 36. Ra6 c2 37. Rc1 Rxd4 38. Rxc2 Rxd5 39. Rcc6 Ne4 40. f3
Rd1+ 41. Kg2 Rd2+ 42. Kh3 Nf2+ 43. Kg2 Nd3+ 44. Kg3 f4+ 45. Kh3 Nf2+ 46. Kg2
Ng4+ 47. Kf1 Nh2+ 48. Kg1 Re1# 0-1

[Event "chess.com SpeedChess Q1Sw"]
[Site "chess.com INT"]
[Date "2022.11.10"]
[Round "6"]
[White "Firat, Burak"]
[Black "Zhigalko, Sergei"]
[Result "0-1"]
[WhiteTitle "GM"]
[BlackTitle "GM"]
[WhiteElo "2460"]
[BlackElo "2572"]
[WhiteFideId "6305881"]
[BlackFideId "13502956"]
[EventDate "2022.11.10"]

1. e4 c5 2. Nf3 Nc6 3. Bb5 Nf6 4. Bxc6 dxc6 5. d3 Bg4 6. h3 Bh5 7. Bf4 Nd7 8. g4
Bg6 9. Nc3 Qb6 10. Qd2 O-O-O 11. O-O-O e6 12. Qe2 Be7 13. Bg3 Qa5 14. Nd2 Nb6
15. f4 f6 16. f5 Bf7 17. e5 Rhe8 18. Nb3 Qa6 19. fxe6 Bxe6 20. exf6 Bxf6 21.
Nxc5 Qa5 22. Nxe6 Bxc3 23. bxc3 Qa3+ 24. Kd2 Nc4+ 25. Ke1 Qxc3+ 26. Kf1 Qf6+ 27.
Kg1 Rxe6 28. Qf2 Ne3 29. Re1 Qxf2+ 30. Bxf2 Rde8 31. Re2 Nd5 32. Rxe6 Rxe6 33.
Rh2 Nb4 34. Bxa7 Nxa2 35. Bd4 g6 36. Rf2 Nb4 37. Bb6 Nd5 38. Rf8+ Kd7 39. Rf7+
Re7 40. Rxe7+ Kxe7 41. Bd4 Ke6 42. Kf2 Nb4 43. Bc5 Nxc2 44. Kf3 Kd5 45. Bf8 Nd4+
46. Kf4 Ne6+ 0-1

[Event "chess.com SpeedChess Q1Sw"]
[Site "chess.com INT"]
[Date "2022.11.10"]
[Round "6"]
[White "Durarbayli, Vasif"]
[Black "Rustemov, Alexander"]
[Result "1-0"]
[WhiteTitle "GM"]
[BlackTitle "GM"]
[WhiteElo "2612"]
[BlackElo "2525"]
[WhiteFideId "13402935"]
[BlackFideId "4119002"]
[EventDate "2022.11.10"]

1. e4 e6 2. d4 d5 3. e5 c5 4. c3 Qb6 5. Nf3 Bd7 6. Bd3 cxd4 7. O-O Nc6 8. cxd4
Nxd4 9. Nbd2 Ne7 10. Nxd4 Qxd4 11. Nf3 Qb4 12. a3 Qa5 13. b4 Qd8 14. h4 h6 15.
h5 Nc6 16. Bf4 Be7 17. Qd2 Rc8 18. Rfc1 a6 19. Qe3 Qc7 20. Rc2 Qb8 21. Rac1 Na7
22. Rxc8+ Bxc8 23. Nd4 Bd7 24. Qg3 Kf8 25. Qe3 Nc6 26. Nxc6 Bxc6 27. Bxa6 Ke8
28. Be2 Bd7 29. Qb6 Bd8 30. Qc5 b6 31. Qd4 Be7 32. Be3 b5 33. Qc3 Kd8 34. Bd4
Qb7 35. Qe3 Ke8 36. Bb6 Bc6 37. f4 Kd7 38. Bc5 Rb8 39. Bxe7 Kxe7 40. Qc5+ Kd8
41. Qxc6 Qxc6 42. Rxc6 Ra8 43. Rd6+ Ke7 44. Bxb5 Rc8 45. Rd7+ Kf8 46. a4 g6 47.
hxg6 fxg6 48. a5 Rc1+ 49. Kf2 Ra1 50. a6 g5 51. fxg5 hxg5 52. a7 1-0

[Event "chess.com SpeedChess Q1Sw"]
[Site "chess.com INT"]
[Date "2022.11.10"]
[Round "6"]
[White "Harshavardhan, G B"]
[Black "Bok, Benjamin"]
[Result "0-1"]
[WhiteTitle "IM"]
[BlackTitle "GM"]
[WhiteElo "2426"]
[BlackElo "2618"]
[WhiteFideId "25059009"]
[BlackFideId "1017063"]
[EventDate "2022.11.10"]

1. d4 Nf6 2. c4 e6 3. Nf3 d5 4. Nc3 c6 5. e3 Nbd7 6. Qc2 Bd6 7. Bd3 O-O 8. O-O
dxc4 9. Bxc4 b5 10. Be2 Qe7 11. e4 e5 12. Bg5 h6 13. Bh4 Re8 14. a3 a6 15. Rfe1
Bb7 16. Rad1 c5 17. dxe5 Nxe5 18. Nd5 Bxd5 19. exd5 Nxf3+ 20. gxf3 g5 21. Bg3
Bxg3 22. hxg3 Qd6 23. Qf5 Re5 24. Qh3 Kg7 25. f4 gxf4 26. gxf4 Re4 27. Kh1 Qxf4
28. Bf3 Rxe1+ 29. Rxe1 Re8 30. Rxe8 Nxe8 31. Kg2 Nf6 32. Qc8 c4 33. Qxa6 Qg5+
34. Kh2 Qe5+ 35. Kg2 Qxb2 36. d6 c3 37. Bd1 c2 38. Bxc2 Qxc2 39. Qxb5 Qe4+ 40.
Kg1 Qg4+ 41. Kf1 Qd1+ 42. Kg2 Qxd6 43. a4 Qd5+ 44. Qxd5 Nxd5 45. a5 Nc7 46. Kf3
h5 47. Kg3 Kg6 48. Kh4 Na6 49. f3 f6 50. Kg3 Kg5 0-1

[Event "chess.com SpeedChess Q1Sw"]
[Site "chess.com INT"]
[Date "2022.11.10"]
[Round "6"]
[White "Sattarov, Bobir"]
[Black "Shimanov, Aleksandr"]
[Result "0-1"]
[BlackTitle "GM"]
[WhiteElo "2433"]
[BlackElo "2581"]
[WhiteFideId "14203081"]
[BlackFideId "4198603"]
[EventDate "2022.11.10"]

1. e4 d5 2. exd5 Qxd5 3. Nc3 Qe5+ 4. Nge2 Nf6 5. d4 Qa5 6. h3 c6 7. g3 Bf5 8.
Bg2 h6 9. O-O e6 10. a3 Be7 11. g4 Bh7 12. Ng3 O-O 13. f4 Qc7 14. Nce2 Bd6 15.
c4 c5 16. b4 cxd4 17. c5 Be7 18. Qxd4 Nxg4 19. hxg4 Bf6 20. Qd6 Qxd6 21. cxd6
Bxa1 22. Bxb7 Nd7 23. Be3 Bb2 24. a4 a6 25. Bxa8 Rxa8 26. Bd4 Ba3 27. Bc3 Rb8
28. Nh5 f6 29. f5 exf5 30. gxf5 Bxb4 31. Bxb4 Rxb4 32. Neg3 Rd4 33. Re1 Ne5 34.
Rc1 Rxd6 35. Rc7 Rd7 36. Rc8+ Kf7 37. Ra8 Nf3+ 38. Kf2 Nd4 39. Rxa6 Nxf5 40. Ne4
Re7 41. Nexf6 gxf6 42. Nxf6 Bg6 43. Nd5 Re5 44. Nf4 Ne7 45. Nxg6 Nxg6 46. Ra7+
Kf6 47. Ra6+ Kg5 48. Ra7 h5 49. a5 h4 50. a6 Ra5 51. Ra8 Ra2+ 52. Ke3 h3 53. Ke4
h2 54. Rh8 Nxh8 0-1

[Event "chess.com SpeedChess Q1Sw"]
[Site "chess.com INT"]
[Date "2022.11.10"]
[Round "6"]
[White "Kopylov, Alexander A."]
[Black "Goltseva, Ekaterina"]
[Result "1/2-1/2"]
[WhiteTitle "IM"]
[BlackTitle "FM"]
[WhiteElo "2397"]
[BlackElo "2265"]
[WhiteFideId "4164857"]
[BlackFideId "24173770"]
[EventDate "2022.11.10"]

1. d4 Nf6 2. Nf3 d5 3. g3 c5 4. Bg2 cxd4 5. O-O e6 6. a3 Be7 7. b4 O-O 8. Bb2
Nc6 9. Nxd4 Bd7 10. c4 dxc4 11. Nxc6 Bxc6 12. Bxc6 bxc6 13. Qc2 a5 14. bxa5 Qxa5
15. Qxc4 Rfc8 16. Rd1 Rab8 17. Bc3 Qh5 18. Nd2 Nd5 19. Ne4 f5 20. Nc5 Nxc3 21.
Qxc3 Bf6 22. Qc4 Bxa1 23. Qxe6+ Qf7 24. Qxf7+ Kxf7 25. Rxa1 Rb5 26. Rc1 Ra8 27.
Rc3 Rb1+ 28. Kg2 Ra1 29. Nd3 R1xa3 30. Rxc6 Re8 31. Rc7+ Re7 32. Rxe7+ Kxe7 33.
Kf3 Ra2 34. h4 Kf6 35. Nf4 g6 36. Nd5+ Ke5 37. Nf4 Ra3+ 38. e3 Ra2 39. Nh3 h6
40. Nf4 g5 41. hxg5 hxg5 42. Nd3+ Kf6 43. g4 Rd2 44. Nc5 Rc2 45. Nb3 fxg4+ 46.
Kg3 Kg6 47. Nd4 Ra2 48. Nc6 Kh5 49. Ne5 Ra1 50. Kg2 Ra2 51. Kg3 Ra1 52. Kg2 Kh4
53. Ng6+ Kh5 54. Ne5 1/2-1/2